Los nazarenos /
Guardado en:
| 主要作者: | |
|---|---|
| 格式: | 未知 |
| 語言: | Spanish |
| 出版: |
Guatemala :
Pineda Ibarra,
1967.
|
| 版: | 7 edición |
| 主題: | |
| 標簽: |
添加標簽
沒有標簽, 成為第一個標記此記錄!
|
MARC
| LEADER | 000000000a22000000004500 | ||
|---|---|---|---|
| 001 | 008834 | ||
| 041 | 0 | |a spa | |
| 082 | 0 | 4 | |a G863.2 |b M649n7 |
| 100 | 1 | |a Milla, José, |d 1822-1882 | |
| 245 | 1 | 4 | |a Los nazarenos / |c José Milla. |
| 250 | |a 7 edición | ||
| 260 | 1 | |a Guatemala : |b Pineda Ibarra, |c 1967. | |
| 300 | |a 363 páginas | ||
| 500 | |a José Milla usa el seudónimo Salome Gil | ||
| 650 | 4 | |a LITERATURA GUATEMALTECA | |
| 650 | 4 | |a NOVELA | |
| 999 | |c 14331 |d 14331 | ||
| 942 | |c BK |h G863.2 M649n7 |2 z | ||
